Statistics for Leading Commonwealth Games nations

Click here to take the quiz!

General Stats

  • This quiz has been taken 356 times
  • The average score is 15 of 20

Answer Stats

MedalsCountry% Correct
2080Australia
97%
1838England
96%
1388Canada
95%
372India
94%
564New Zealand
94%
356Scotland
93%
236Wales
92%
312South Africa
88%
112Jamaica
86%
195Kenya
80%
101Northern Ireland
80%
65Pakistan
79%
161Malaysia
72%
176Nigeria
69%
67Singapore
62%
54Ghana
52%
44Uganda
48%
31Cyprus
47%
44Trinidad and Tobago
47%
44Zimbabwe
40%

Score Distribution

Percentile by Number Answered

Percent of People with Each Score

Your Score History

You have not taken this quiz